000 00621nab a2200241 a 4500
001 57514
003 128757
005 20201118103331.0
008 ||||||n9999 ||| || ||
041 _aspa
245 0 _aVivir en el centro
260 _aEcuador :
_bPrograma de Gestion Urbana,
_c1998.
300 _app.4-6
562 _e0
650 _aACTIVIDAD SOCIOECONOMICA
650 _aAMÉRICA LATINA
650 _aANALISIS DE COYUNTURA
650 _aCIUDADES
650 _aDESARROLLO URBANO
650 _aDINAMICA DE LA POBLACION
773 _055808
_aLa Era Urbana - Suplemento No.1 :
942 _cSART
999 _c57514
_d57514